000 01021njm a22002537a 4500
005 20100906103543.0
007 sd ammalaaahaa
008 100906t xxu||||| |||| 00| 0 hin d
028 _aN. 52970
_bHis Master's Voice
035 _aGR-695
040 _aSED/VEN
100 _aMohd. Rafi
_918479
245 _aKagaz Ke Phool :
_bhindustani /
_cby Mohd. Rafi ; music by Qurman ; lyric by Kaefi Azmi
_h[sound recording] :
246 _aकागज़ के फूल (मोहद . रफ़ी)
260 _aDum Dum, India
_bHis Master's Voice
300 _a1 sound disc [Gramophone record]:
_banalog, 33. 1/3 rpm
_c10 in
_fGramophone record
500 _aBrief record.
505 _aDekho Jamane Ko Yaro (Kagaz Ke Phool) (Mohd. Rafi) देखो ज़माने को यारो भाग १ २
650 _aClassical Music
_xExcerpts
_zIndia
_918480
700 _918481
700 _aMohd. Rafi
_918482
942 _2ddc
_cGR
999 _c43890
_d43890